Elton John Songs - Sudden Death - Statistics

General Stats
  • This quiz has been taken 160 times
  • The average score is 7 of 20
Answers on the Grid
Answers color-coded by a green-red scale on the quiz's grid according to % correct below.
Nikita
Cry To Heaven
Candle In The Night
Can You Feel The Love Tonight
True Love
Tonight's the Night
Island Girl
Bennie And The Jets
Goodbye Yellow Brick Road
Sir Duke
Part Time Love
I'm Still Waiting
Sartorial Eloquence
Honky Cat
Blue Eyes
Kiss The Bride
I Don't Wanna Go On With You Like That
Cold Love
Healing Heart
Through The Storm
My Song
All The Love In The World
Seasons In The Sun
The Last Song
Circle of Life
Are You Ready For Love
Indian Sunset
Radio Radio
Electricity
Good Morning To The Night
 
Answer Stats
Answer % Correct
Nikita
79%
Goodbye Yellow Brick Road
78%
Can You Feel The Love Tonight
70%
Bennie And The Jets
69%
Circle of Life
56%
Honky Cat
50%
Island Girl
43%
Blue Eyes
38%
Are You Ready For Love
28%
I Don't Wanna Go On With You Like That
28%
Kiss The Bride
25%
Indian Sunset
18%
Part Time Love
18%
Good Morning To The Night
11%
The Last Song
11%
Cry To Heaven
10%
Sartorial Eloquence
10%
True Love
9%
Electricity
8%
Through The Storm
6%
No matching quizzes found
Score Distribution
Percent of People with Each Score
Percentile by Number Answered
Your Score History
You have not taken this quiz